00349pab a2200133 454500008004000000100001700040245008000057260000900137300001300146362001200159650001200171650001900183773001300202180718b1981 xxu||||| |||| 00| 0 eng d aMathur, G.C. aTown planning and housing the economically weaker sections of the community c1981 ap.66-71. aJan-Mar aHousing aUrban planning aNagarlok